000 00835nam a2200241 a 4500
001 54638
003 BD-RjUL
005 20211209080140.0
008 161108s1957 ii ||||| |||| 00| 0 ben d
020 _c: Tk. 3.00
035 _a(BD-RjUL)54760
040 _aBD-RjUL
_bben
_cBD-RjUL
041 _aben
082 _223
_a891.4415
_bPAK 1957
110 _aপরিষদ, সংস্কৃতি
_9162964
245 1 0 _aকবি নজরুল /
260 _aকলিকাতা :
_bসংস্কৃতি পরিষদ,
_c১৯৫৭
300 _a১১২ পৃ. ;
_c২৪ সেমি.
600 _aইসলাম, কাজী নজরুল
_d১৮৯৯-১৯৭৬
_9162965
600 _aIslam, Kazi Nazrul
_d1899-1976
_9162966
710 _aসংস্কৃতি পরিষদ
_9162963
942 _2ddc
_cBK
999 _c54638
_d54638